000 00835 a2200217 4500
003 UA-OsUOA
005 20260304113600.0
008 260227b un ||||| |||| 00| 0 ukr d
020 _a9786176926184
040 _bukr
_cUA-OsUOA
080 _a821.161.2/162.1(438)
090 _a821.161.2/162.1(438)
_bП99
100 _aП'ясецький С.
_923314
245 _aЗаписки офіцера Червоної Армії 1957
_cСерґіуш П'ясецький ; пер. з пол. Андрій Бондар
260 _aТернопіль
_bКрок
_c2021
300 _a280 с.
650 _a821.161.2 Українська література
_941
942 _cBK
_2udc
955 _a3
999 _c579727
_d579727